000 00490nmm a2200157Ia 4500
008 251105s9999||||xx |||||||||||||||||und||
020 _a9789587410112
041 _aspa
100 _aMartínez Carazo, Piedad Cristina
245 0 _aPyme : estrategia para su internacionalización
264 _a[Bogotá, Colombia] :
_bUniversidad del Norte,
_c2009
300 _a188 páginas
650 _aEconomics and Business
856 _uhttps://public.digitaliapublishing.com/a/9190
942 _cCF
999 _c95872
_d95872